| 000 | 00981cam a22002653a 4500 | ||
|---|---|---|---|
| 001 | 2603 | ||
| 003 | PGUSA | ||
| 005 | 20140828083017.0 | ||
| 008 | 010401s2001||||xxu|||||s|||||000 | eng d | ||
| 040 |
_aPGUSA _beng |
||
| 042 | _adc | ||
| 050 | 4 | _aBV | |
| 100 | 1 | _aJudy, J. M. | |
| 245 | 1 | 0 |
_aQuestionable Amusements and Worthy Substitutes _h[electronic resource] / _cJ. M. Judy |
| 260 |
_bProject Gutenberg, _c2001 |
||
| 505 | 0 | _aQuestionable amusements: Tobacco. Drunkenness. Gambling, card-playing. Theater-going -- Worthy substitutes: Books and reading. Social recreation. Friendship. Travel, a personal experience. Home and the home-maker. | |
| 506 | _aPublic domain in the USA. | ||
| 516 | _aElectronic text | ||
| 653 | _aChristian ethics | ||
| 653 | _aAmusements -- Religious aspects -- Methodist Church | ||
| 700 | 1 |
_aTrever, Geo. H. _q(George Henry), _d1857- |
|
| 830 | 0 |
_aProject Gutenberg _v2603 |
|
| 856 | 4 | 0 | _uhttp://www.gutenberg.org/ebooks/2603 |
| 942 | _cEB | ||
| 999 |
_c231940 _d231940 |
||